000 01367cam a2200313 i 4500
999 _c330853
_d330853
001 4642639
003 NUST
005 20170817110917.0
008 800510s1978 ii a b 000 0 eng
010 _a 78901142
020 _cRs100.00 ($20.00 U.S.)
040 _aDLC
_cDLC
_dDLC
043 _aa-af---
_aa-pk---
_aa-ii---
050 0 0 _aGN855.B34
_bS5 1978
082 0 0 _a954.915
_bSHA
100 1 _aShaffer, Jim G.,
_d1944-
_93944
245 1 0 _aPrehistoric Baluchistan, with excavation report on Said Qala Tepe /
_cJim G. Shaffer.
260 _aDelhi :
_bB.R. Pub. Corp., on behalf of Indian Society for Prehistoric and Quaternary Studies ;
_aNew Delhi :
_bdistributed by D.K. Publishers' Distributors,
_c1978.
300 _axx, 195 p. :
_bill. ;
_c25 cm.
490 1 _aISPQS history & archaeology series ; v. 3
500 _aA revision of the author's thesis, University of Wisconsin, 1972.
504 _aBibliography: p. [183]-195.
650 0 _aAntiquities, Prehistoric
_zPakistan
_zBalochistān.
_93945
651 0 _aBaluchistan
_xAntiquities.
_93946
651 0 _aSaid Qala Tepe, Afghanistan.
_93947
710 2 _aIndian Society for Prehistoric and Quaternary Studies.
_93948
810 2 _aIndian Society for Prehistoric and Quaternary Studies.
_tISPQS history & archaeology series ;
_vv. 3.
_93949
906 _a7
_bcbc
_corignew
_d3
_encip
_f19
_gy-gencatlg
942 _2ddc
_cBK